000 00449nam a2200181Ia 4500
008 230524s9999 xx 000 0 und d
020 _a9788122412239
082 _bRAN
100 _aGopal Ranjan
_942508
245 0 _aBasic And Applied Soil Mechanics
250 _a2
260 _aNew Delhi
_bNew Age Pub
_c2014
300 _a"XII,753p;"
500 _aQuantity Number: 1
650 _aMechanics
700 _a A S R Rao
_942509
942 _cBK
999 _c56940
_d56940